Hong Kong Bus Tile Select Quiz 香港巴士階磚式選擇題 - Statistics

General Stats
  • This quiz has been taken 206 times
    160 since last reset
  • The average score is 67 of 112
Answer Stats
Question Tile Select % Correct
KMB current solely-operated all-day routes 九巴現存獨營全日線 B2 No
94%
KMB current solely-operated all-day routes 九巴現存獨營全日線 702 No
92%
KMB current solely-operated all-day routes 九巴現存獨營全日線 930X No
90%
KMB current solely-operated all-day routes 九巴現存獨營全日線 948 No
85%
KMB current solely-operated all-day routes 九巴現存獨營全日線 68B No
84%
KMB current solely-operated all-day routes 九巴現存獨營全日線 48X Yes
80%
KMB current solely-operated all-day routes 九巴現存獨營全日線 171 No
78%
KMB current solely-operated all-day routes 九巴現存獨營全日線 272S No
78%
KMB current solely-operated all-day routes 九巴現存獨營全日線 5C Yes
78%
KMB current solely-operated all-day routes 九巴現存獨營全日線 74A Yes
78%
bus stops located in New Territories 位於新界的巴士站 O'brien Road 柯布連道 No
78%
LWB current solely-operated routes 現存龍運獨營線 R8 No
78%
bus termini to the north of Tsz Wan Shan North BT 較慈雲山北巴總北的巴士總站 赤柱炮台 Stanley Fort No
78%
LWB current solely-operated routes 現存龍運獨營線 E36 Yes
77%
bus routes that go through tunnel(s) 經過隧道的巴士路線 79K No
76%
bus termini to the north of Tsz Wan Shan North BT 較慈雲山北巴總北的巴士總站 Disneyland Resort 迪士尼樂園 No
76%
KMB current solely-operated all-day routes 九巴現存獨營全日線 108 Yes
75%
LWB current solely-operated routes 現存龍運獨營線 A35 No
75%
bus stops located in New Territories 位於新界的巴士站 Yoho Mall I 形點I Yes
75%
bus routes that go through tunnel(s) 經過隧道的巴士路線 73A No
74%
KMB current solely-operated all-day routes 九巴現存獨營全日線 32H Yes
73%
bus stops located in New Territories 位於新界的巴士站 Block 8 Richland Gardens 麗晶花園第八座 No
73%
bus stops located in New Territories 位於新界的巴士站 Harbor Green 君匯港 No
73%
LWB current solely-operated routes 現存龍運獨營線 S1 No
73%
bus termini to the north of Tsz Wan Shan North BT 較慈雲山北巴總北的巴士總站 Shung Shun Street 崇信街 No
73%
bus stops located in New Territories 位於新界的巴士站 Yue Wan Estate 漁灣邨 No
73%
bus routes that go through tunnel(s) 經過隧道的巴士路線 299X No
72%
bus stops located in New Territories 位於新界的巴士站 Dairy Farm Cold Store 牛奶公司凍房 No
72%
LWB current solely-operated routes 現存龍運獨營線 NA35 No
72%
bus routes that serve within a district 區內線 W3 No
72%
bus routes that serve within a district 區內線 2A No
71%
KMB current solely-operated all-day routes 九巴現存獨營全日線 8P Yes
71%
bus routes that go through tunnel(s) 經過隧道的巴士路線 81 No
70%
LWB current solely-operated routes 現存龍運獨營線 A37 Yes
70%
bus termini to the north of Tsz Wan Shan North BT 較慈雲山北巴總北的巴士總站 Broadcast Drive 廣播道 No
70%
bus termini to the north of Tsz Wan Shan North BT 較慈雲山北巴總北的巴士總站 Hong Sing Garden 康盛花園 No
70%
bus routes that serve within a district 區內線 51 No
69%
bus stops located in New Territories 位於新界的巴士站 Chi Lun Nunnery 志蓮淨苑 No
69%
bus termini to the north of Tsz Wan Shan North BT 較慈雲山北巴總北的巴士總站 Hong Kong-Zhuhai-Macau Bridge Hong Kong Port 港珠澳大橋香港口岸 No
69%
bus stops located in New Territories 位於新界的巴士站 Shek Kong Camp 石崗軍營 Yes
69%
bus termini to the north of Tsz Wan Shan North BT 較慈雲山北巴總北的巴士總站 Tsui Chuk Garden 翠竹花園 No
69%
KMB current solely-operated all-day routes 九巴現存獨營全日線 216X No
67%
bus routes that go through tunnel(s) 經過隧道的巴士路線 261X No
67%
bus stops located in New Territories 位於新界的巴士站 Kam Shing Road 金城道 No
67%
bus stops located in New Territories 位於新界的巴士站 Tung Lo Wan Village 銅鑼灣村 Yes
67%
LWB current solely-operated routes 現存龍運獨營線 E33P Yes
66%
bus termini to the north of Tsz Wan Shan North BT 較慈雲山北巴總北的巴士總站 Hin Keng 顯徑 Yes
66%
bus termini to the north of Tsz Wan Shan North BT 較慈雲山北巴總北的巴士總站 Luen Wo Hui 聯和墟 Yes
66%
bus routes that serve within a district 區內線 38A No
65%
bus routes that go through tunnel(s) 經過隧道的巴士路線 962E Yes
65%
LWB current solely-operated routes 現存龍運獨營線 N36 No
65%
KMB current solely-operated all-day routes 九巴現存獨營全日線 36X No
64%
LWB current solely-operated routes 現存龍運獨營線 R42 Yes
64%
bus routes that have two-way sectional fare 提供雙向分段收費的巴士路線 R8 No
64%
bus routes that serve within a district 區內線 202 No
63%
bus routes that serve within a district 區內線 73B No
63%
bus routes that go through tunnel(s) 經過隧道的巴士路線 619 Yes
62%
LWB current solely-operated routes 現存龍運獨營線 R33 Yes
62%
KMB current solely-operated all-day routes 九巴現存獨營全日線 W2 Yes
62%
bus routes that serve within a district 區內線 71K Yes
61%
LWB current solely-operated routes 現存龍運獨營線 N32 No
60%
bus stops located in New Territories 位於新界的巴士站 Pak Shek Wo 白石窩 Yes
60%
bus termini to the north of Tsz Wan Shan North BT 較慈雲山北巴總北的巴士總站 Harmony Garden 富欣花園 No
59%
bus termini to the north of Tsz Wan Shan North BT 較慈雲山北巴總北的巴士總站 Wong Shek Pier 黃石碼頭 Yes
59%
bus routes that go through tunnel(s) 經過隧道的巴士路線 63X No
58%
LWB current solely-operated routes 現存龍運獨營線 N42 Yes
58%
bus termini to the north of Tsz Wan Shan North BT 較慈雲山北巴總北的巴士總站 Sai Kung North 西貢北 Yes
58%
bus termini to the north of Tsz Wan Shan North BT 較慈雲山北巴總北的巴士總站 Tsung Yuen Ha 松園下 Yes
57%
bus routes that go through tunnel(s) 經過隧道的巴士路線 A33 Yes
56%
LWB current solely-operated routes 現存龍運獨營線 N31 Yes
56%
bus routes that have two-way sectional fare 提供雙向分段收費的巴士路線 10 (CTB 城巴) No
55%
bus routes that go through tunnel(s) 經過隧道的巴士路線 629 Yes
55%
bus stops located in New Territories 位於新界的巴士站 Villa Carlton 爾登華庭 No
55%
bus routes that have two-way sectional fare 提供雙向分段收費的巴士路線 116 No
54%
LWB current solely-operated routes 現存龍運獨營線 A42P No
54%
bus stops located in New Territories 位於新界的巴士站 Chateau Royale 雍怡雅苑 Yes
53%
bus routes that go through tunnel(s) 經過隧道的巴士路線 48P Yes
52%
bus routes that have two-way sectional fare 提供雙向分段收費的巴士路線 53 Yes
52%
bus routes that have two-way sectional fare 提供雙向分段收費的巴士路線 64K Yes
52%
bus routes that go through tunnel(s) 經過隧道的巴士路線 219X Yes
50%
bus routes that serve within a district 區內線 238M Yes
50%
bus routes that serve within a district 區內線 252 Yes
50%
bus routes that go through tunnel(s) 經過隧道的巴士路線 260 Yes
50%
bus routes that have two-way sectional fare 提供雙向分段收費的巴士路線 40 No
50%
LWB current solely-operated routes 現存龍運獨營線 A31P No
50%
bus routes that serve within a district 區內線 797M Yes
48%
bus routes that have two-way sectional fare 提供雙向分段收費的巴士路線 N260 No
48%
LWB current solely-operated routes 現存龍運獨營線 NA30 No
47%
bus termini to the north of Tsz Wan Shan North BT 較慈雲山北巴總北的巴士總站 So Kwun Wat 掃管芴 Yes
47%
bus stops located in New Territories 位於新界的巴士站 Vistacove 御海峯 Yes
47%
bus routes that serve within a district 區內線 68F Yes
45%
bus routes that serve within a district 區內線 595 Yes
44%
bus routes that go through tunnel(s) 經過隧道的巴士路線 A23 Yes
44%
bus routes that serve within a district 區內線 36 (NLB 嶼巴) No
43%
bus routes that go through tunnel(s) 經過隧道的巴士路線 590 Yes
42%
bus routes that have two-way sectional fare 提供雙向分段收費的巴士路線 72A (KMB 九巴) Yes
42%
bus routes that have two-way sectional fare 提供雙向分段收費的巴士路線 72 (KMB 九巴) No
42%
bus stops located in New Territories 位於新界的巴士站 YWCA Sydney Leong Holiday Lodge 女青年會梁紹榮度假村 Yes
41%
bus routes that have two-way sectional fare 提供雙向分段收費的巴士路線 290A No
38%
bus routes that have two-way sectional fare 提供雙向分段收費的巴士路線 77K Yes
38%
bus stops located in New Territories 位於新界的巴士站 South Mountain Swimming Association 南山游泳會 Yes
37%
bus routes that go through tunnel(s) 經過隧道的巴士路線 272S Yes
35%
bus termini to the north of Tsz Wan Shan North BT 較慈雲山北巴總北的巴士總站 Chung Chi College 崇基學院 Yes
34%
bus routes that have two-way sectional fare 提供雙向分段收費的巴士路線 6 (CTB 城巴) Yes
33%
bus routes that have two-way sectional fare 提供雙向分段收費的巴士路線 73A Yes
33%
bus routes that have two-way sectional fare 提供雙向分段收費的巴士路線 E21A Yes
33%
bus routes that serve within a district 區內線 R8 Yes
32%
bus routes that have two-way sectional fare 提供雙向分段收費的巴士路線 796C Yes
29%
bus routes that have two-way sectional fare 提供雙向分段收費的巴士路線 N241 Yes
29%
bus routes that serve within a district 區內線 702 Yes
28%
bus termini to the north of Tsz Wan Shan North BT 較慈雲山北巴總北的巴士總站 Cheung Hang Estate 長亨邨 Yes
22%
bus routes that serve within a district 區內線 X15 Yes
15%
No matching quizzes found
Score Distribution
Percent of People with Each Score
Percentile by Number Answered
Your Score History
You have not taken this quiz since the last reset